000 00466nam a2200169 i 4500
001 88539
003 ES-MaACL
005 20240522063038.0
007 t|
008 050104s1921 fr ||||1| fre d
100 1 _aLamartine, Alphonse de,
_d1790-1869
_969776
245 1 0 _aGraziela /
_cA. de Lamartine.
260 _aParĂ­s :
_b[s.n.,
_c1921] (
_fJ. Dumoulin)
300 _a187 p. ;
_c18 cm.
852 _aES-MaACL
_jF-2858
999 _c88539
_d88539